000 00302 a2200145 4500
001 165794
020 _a
040 _cMagnum
100 _aFiat Automoveis
240 1 0 _aBiologia em circulacao
_lpor
245 1 0 _aBiologia em circulacao
362 0 _a1899
697 _aPARADIDATICOS
942 _cBK
999 _c165794
_d165794